000 00375nam a22001577a 4500
005 20251108172312.0
008 250721s1972 xx 000 0 eng d
082 1 4 _aJ/F/BRO
100 1 _aBroger, Achim
245 1 4 _aThe cater pillar's story /
264 1 _aLondon :
_bThe body head,
_c1972.
300 _a19p.
650 1 7 _aFiction
942 _2ddc
_cBK
999 _c75601
_d75601